000 00542nam a2200229Ia 4500
003 OSt
005 20220924142149.0
006 a|||||r|||| 00| 0
007 ta
008 220923b |||||||| |||| 00| 0 ben d
024 _a300643
037 _cTextual
040 _aARTS
_cARTS
_bben
041 _2ben
_aben
082 _aU8.983, 157M7
100 _aSengupta
_9205960
245 0 _aAntarctica
260 _c1987
650 _aGEOGRAPHY
942 _hU8.983, 157M7
_cTEXL
_2CC
999 _c449527
_d449527